<?xml version="1.0" encoding="UTF-8"?>
<record
    xmlns:xsi="http://www.w3.org/2001/XMLSchema-instance"
    xsi:schemaLocation="http://www.loc.gov/MARC21/slim http://www.loc.gov/standards/marcxml/schema/MARC21slim.xsd"
    xmlns="http://www.loc.gov/MARC21/slim">

  <leader>01852cam a2200241   4500</leader>
  <controlfield tag="001">7326</controlfield>
  <controlfield tag="005">20181127183411.0</controlfield>
  <controlfield tag="008">011113s2002    nyu           001 0 eng</controlfield>
  <datafield tag="010" ind1=" " ind2=" ">
    <subfield code="a">  2001007197</subfield>
  </datafield>
  <datafield tag="020" ind1=" " ind2=" ">
    <subfield code="a">0471403873</subfield>
  </datafield>
  <datafield tag="082" ind1="0" ind2="0">
    <subfield code="a">332.6/01/9</subfield>
    <subfield code="2">21</subfield>
  </datafield>
  <datafield tag="100" ind1="1" ind2=" ">
    <subfield code="a">Kiev, Ari.</subfield>
  </datafield>
  <datafield tag="245" ind1="1" ind2="4">
    <subfield code="a">The psychology of risk :</subfield>
    <subfield code="b">mastering market uncertainty /</subfield>
    <subfield code="c">Ari Kiev.</subfield>
  </datafield>
  <datafield tag="260" ind1=" " ind2=" ">
    <subfield code="a">New York :</subfield>
    <subfield code="b">Wiley,</subfield>
    <subfield code="c">c2002.</subfield>
  </datafield>
  <datafield tag="300" ind1=" " ind2=" ">
    <subfield code="a">xi, 292 p. ;</subfield>
    <subfield code="c">24 cm.</subfield>
  </datafield>
  <datafield tag="500" ind1=" " ind2=" ">
    <subfield code="a">Includes index.</subfield>
  </datafield>
  <datafield tag="505" ind1=" " ind2=" ">
    <subfield code="a">The Psychology of Risk Mastering Market Uncertainty;  PREFACE; ACKNOWLEDGMENTS; CONTENTS; Introduction; PART  ONE THE ESSENTIALS OF RISK TAKING; Chapter One: Defining  Risk; Chapter Two: Understanding the Approach; PART TWO  THE PROBLEMS OF RISK; Chapter Three: Handling Your  Emotions; Chapter Four: Learning to Let Go; PART THREE  THE PERSONALITIES OF RISK; Chapter Five: Profiling  Passive Traders; Chapter Six: Profiling the High-Risk  Trader; Chapter Seven: Recognizing the Master Trader;  PART FOUR THE PRACTICE OF RISK TAKING; Chapter Eight:  Increasing Your Risk.</subfield>
    <subfield code="g"></subfield>
    <subfield code="r"></subfield>
    <subfield code="t"></subfield>
  </datafield>
  <datafield tag="520" ind1=" " ind2=" ">
    <subfield code="a">One of the financial world's most respected experts on  the psychology of risk provides a revolutionary risk  management model. Over the past three decades investors  have adopted all varieties of complex quantitative  systems for quantifying and managing risk. Yet,  sophisticated investors and money managers continue to  suffer record losses in today's increasingly volatile  markets. This book bridges the gap between investor  psychology and quantitative risk management with a  revolutionary risk management program that virtually any  trader or investor can easily adapt to their goals and  personalities.</subfield>
  </datafield>
  <datafield tag="650" ind1=" " ind2="0">
    <subfield code="a">Investments</subfield>
    <subfield code="x">Psychological aspects.</subfield>
  </datafield>
  <datafield tag="650" ind1=" " ind2="0">
    <subfield code="a">Portfolio management.</subfield>
  </datafield>
  <datafield tag="650" ind1=" " ind2="0">
    <subfield code="a">Risk management.</subfield>
  </datafield>
  <datafield tag="999" ind1=" " ind2=" ">
    <subfield code="c">6246</subfield>
    <subfield code="d">6246</subfield>
  </datafield>
  <datafield tag="952" ind1=" " ind2=" ">
    <subfield code="0">0</subfield>
    <subfield code="1">0</subfield>
    <subfield code="2">ddc</subfield>
    <subfield code="4">0</subfield>
    <subfield code="7">0</subfield>
    <subfield code="8">MAIN</subfield>
    <subfield code="a">RTCLIB</subfield>
    <subfield code="b">RTCLIB</subfield>
    <subfield code="c">MAIN</subfield>
    <subfield code="h"> </subfield>
    <subfield code="i">11281</subfield>
    <subfield code="l">0</subfield>
    <subfield code="o">332.6 KIE</subfield>
    <subfield code="p">30011090</subfield>
    <subfield code="r">2018-11-27 00:00:00</subfield>
    <subfield code="w">2018-11-27</subfield>
    <subfield code="y">MAIN</subfield>
  </datafield>
</record>
